Central Library OPAC University of Rajshahi

The theory of quantitative economic policy with applications to economic growth and stabilization / (Record no. 1823)

MARC details
000 -LEADER
fixed length control field 01276cam a2200361I 4500
001 - CONTROL NUMBER
control field 1823
003 - CONTROL NUMBER IDENTIFIER
rucl marc code BD- RjUL
005 - DATE AND TIME OF LATEST TRANSACTION
control field 20211208233424.0
008 - FIXED-LENGTH DATA ELEMENTS--GENERAL INFORMATION
fixed length control field 720201s1966 ne b 001 0 eng
035 ## - SYSTEM CONTROL NUMBER
System control number (BD- RjUL) 1850
System control number (OCoLC)00231435
System control number GLIS00422045
040 ## - CATALOGING SOURCE
Original cataloging agency DLC
Transcribing agency WSU
Modifying agency OCL
-- SER
-- m.c.
-- m/c
-- BD- RjUL
Language of cataloging eng
041 ## - LANGUAGE CODE
Language code of text/sound track or separate title eng
082 ## - DEWEY DECIMAL CLASSIFICATION NUMBER
Edition number 19
Classification number 338.9
Author mark and year FOT 1966
090 ## - LOCALLY ASSIGNED LC-TYPE CALL NUMBER (OCLC); LOCAL CALL NUMBER (OCLC)
Classification number (OCLC) (R) ; Classification number, CALL (RLIN) (NR) HD82
Local cutter number (OCLC) ; Book number/undivided call number, CALL (RLIN) .F792
099 ## - LOCAL FREE-TEXT CALL NUMBER (OCLC)
Bangla Class number HD82.F792
100 1# - MAIN ENTRY--PERSONAL NAME
Personal name Fox, Karl August
Dates associated with a name 1917-
9 (RLIN) 6038
245 14 - TITLE STATEMENT
Title The theory of quantitative economic policy with applications to economic growth and stabilization /
Statement of responsibility, etc. [by] Karl A. Fox, Jati K. Sengupta [and] Erik Thorbecke.
260 ## - PUBLICATION, DISTRIBUTION, ETC. (IMPRINT)
Place of publication, distribution, etc. Amsterdam ;
Name of publisher, distributor, etc. North-Holland Pub. Co.,
Place of publication, distribution, etc. Chicago, Rand McNally :
Date of publication, distribution, etc. 1966.
300 ## - PHYSICAL DESCRIPTION
Pagination xxiii, 517 pages
Size 22 cm.
490 1# - SERIES STATEMENT
Series statement Studies in mathematical and managerial economics ;
Volume/sequential designation V. 5
504 ## - BIBLIOGRAPHY, ETC. NOTE
Bibliography, etc Includes bibliographical references and index.
650 #0 - SUBJECT ADDED ENTRY--TOPICAL TERM
Topical term or geographic name as entry element Economic policy
General subdivision Mathematical models.
9 (RLIN) 6039
700 1# - ADDED ENTRY--PERSONAL NAME
Personal name Sengupta, Jatikumar.
Personal name Thorbecke, Erik,
Dates associated with a name 1929-
830 #0 - SERIES ADDED ENTRY--UNIFORM TITLE
Volume number/sequential designation v. 5.
Uniform title Studies in mathematical and managerial economics ;
942 ## - ADDED ENTRY ELEMENTS (KOHA)
Source of classification or shelving scheme Dewey Decimal Classification
Koha item type Books
949 ## - LOCAL PROCESSING INFORMATION (OCLC)
a MYGD
-- MYGR
Holdings
Lost status Source of classification or shelving scheme Damaged status Not for loan Collection code Permanent Location Current Location Shelving location Date acquired Source of acquisition Cost, normal purchase price Total Checkouts Full call number Date last seen Copy number Koha item type
  Dewey Decimal Classification   Not For Loan Non-fiction Central Library, University of Rajshahi Central Library, University of Rajshahi Reading Room 25/10/1968 Book view 116.00   338.9 FOT 1966 09/12/2013 C-1 Books
  Dewey Decimal Classification     Non-fiction Central Library, University of Rajshahi Central Library, University of Rajshahi   11/06/1975 Jonathon Wren & Co. 15.00   338.9 FOT V-5 1966 10/12/2013 C-5 Books
  Dewey Decimal Classification     Non-fiction Central Library, University of Rajshahi Central Library, University of Rajshahi   24/04/1964 Book centre lahore 105.00   338.9 FOT 1966 29/06/2016 C-2 Books